000
00290nam a22001337a 4500
008
210303b ||||| |||| 00| 0 eng d
020
_a
0939616017
041
_a
eng
080
_a
616.8
100
_a
7
101
_a
TRU
245
_a
Craniosacral Therapy
_c
Upledger,E.J
942
_2
udc
_c
BK
999
_c
55610
_d
55610